| 000 | 00594nam a2200193 i 4500 | ||
|---|---|---|---|
| 001 | 184219 | ||
| 003 | ES-MaACL | ||
| 005 | 20251002204724.0 | ||
| 008 | 150511s1907 fr |||| | fre d | ||
| 100 | 0 |
_aBazalgette, Leon. _926730 |
|
| 245 | 1 | 0 |
_aEmile Verhaeren / _cpar Léon Bazalgette. |
| 260 |
_aParis : _bE. Sansot & Cie, _c1907. |
||
| 300 |
_a72 p. : _bil. ; _c19 cm. |
||
| 490 | 1 | _aLes célébrités d'aujourd'hui | |
| 600 | 1 | 4 |
_aVerhaeren, Emile, _d1855-1916 _9114123 |
| 830 | 0 |
_aLes célébrités d'aujourd'hui _9180788 |
|
| 852 |
_aES-MaACL _jD-750(3) |
||
| 999 |
_c184219 _d184219 |
||